Fizika tudásszintmérés 8. osztályban. Az elektromos áram hatásai és az indukció témaköréből

Elmentve itt :
Bibliográfiai részletek
Szerző: Tevan Zsolt
További közreműködők: Bogárné Németh Mária (Témavezető)
Dokumentumtípus: Szakdolgozat
Megjelent: 2004
Tárgyszavak:
Online Access:http://diploma.bibl.u-szeged.hu/56307
LEADER 00604nta a2200157 i 4500
001 dipl56307
005 20160523093138.0
008 160421s2004 hu om 0|| hun d
040 |a SZTE Diploma Repozitórium  |b hun 
041 |a hun 
100 1 |a Tevan Zsolt 
245 1 0 |a Fizika tudásszintmérés 8. osztályban. Az elektromos áram hatásai és az indukció témaköréből  |h [elektronikus dokumentum] /  |c Zsolt Tevan 
260 |c 2004 
650 4 |a Bölcsészettudományok 
700 2 |a Bogárné Németh Mária  |e ths 
856 4 0 |u http://diploma.bibl.u-szeged.hu/id/eprint/56307/1/2004_tevan_zsolt.pdf  |z Dokumentum-elérés